Statistics for Capitals of the Territories World

Click here to take the quiz!

General Stats

  • This quiz has been taken 29 times
  • The average score is 4 of 8

Answer Stats

Answer% Correct
GreenlandNuuk
100%
French GuianaCayenne
87%
SvalbardLongyearbyen
53%
CurcaoWillemstad
53%
Ascension IslandGeorgetown
40%
U.S Virgin IslandsCharlotte Amalie
27%
French PolynesiaPap'ete
20%
ArubaOranjenstad
0%

Score Distribution

Percentile by Number Answered

Percent of People with Each Score

Your Score History

You have not taken this quiz